| 000 | 00521nam a22001817a 4500 | ||
|---|---|---|---|
| 999 |
_c18377 _d18377 |
||
| 008 | 200728b xxu||||| |||| 00| 0 eng d | ||
| 020 | _a1119386179 | ||
| 050 |
_aHF5679 _b.T89 2017 c.1 |
||
| 100 | _aTurner, Leslie | ||
| 245 |
_aAccounting Information systems _bcontrols and processes _cleslie Turner |
||
| 250 | _a3rd ed. | ||
| 260 |
_aHoboken _bWiley _c2017 |
||
| 300 | _axxxii, 553p. | ||
| 650 |
_aAccounting _vdata processing |
||
| 700 | _aAndrea Weickgenannt | ||
| 700 | _amary Kay Copeland | ||
| 942 |
_2lcc _cBK |
||